Now is the time / (Record no. 60794)
[ view plain ]
| 000 -LEADER | |
|---|---|
| fixed length control field | 00696cam7a220024100 4500 |
| 001 - CONTROL NUMBER | |
| control field | lce00425016 |
| 008 - FIXED-LENGTH DATA ELEMENTS--GENERAL INFORMATION | |
| fixed length control field | 710907s1970 nyu 000 0 eng |
| 010 ## - LIBRARY OF CONGRESS CONTROL NUMBER | |
| LC control number | 78028056 //r86 |
| 020 ## - INTERNATIONAL STANDARD BOOK NUMBER | |
| Terms of availability | |
| -- | .95 |
| 035 ## - SYSTEM CONTROL NUMBER | |
| System control number | (Sirsi) r46758 |
| 035 ## - SYSTEM CONTROL NUMBER | |
| System control number | (DLC) 78028056 //r86 |
| 035 ## - SYSTEM CONTROL NUMBER | |
| System control number | (UPRA)lce00425016 |
| 040 ## - CATALOGING SOURCE | |
| Modifying agency | UPRA |
| 050 0# - LIBRARY OF CONGRESS CALL NUMBER | |
| Classification number | BV4811 |
| Item number | .A734 |
| 082 ## - DEWEY DECIMAL CLASSIFICATION NUMBER | |
| Classification number | 242 |
| 100 1# - MAIN ENTRY--PERSONAL NAME | |
| Personal name | Armstrong, Richard, 1932- |
| Dates associated with a name | Armstrong, Richard, 1932- |
| Linkage | A4705.1 |
| 245 10 - TITLE STATEMENT | |
| Title | Now is the time / |
| Statement of responsibility, etc. | [by] Richard Armstrong. |
| 260 ## - PUBLICATION, DISTRIBUTION, ETC. | |
| Place of publication, distribution, etc. | New York : |
| Name of publisher, distributor, etc. | The Christophers, |
| Date of publication, distribution, etc. | [1970] |
| 650 #0 - SUBJECT ADDED ENTRY--TOPICAL TERM | |
| Topical term or geographic name entry element | Devotional calendars. |
| Linkage | S3313.1 |
| 949 ## - LOCAL PROCESSING INFORMATION (OCLC) | |
| a | BV4811 |
| w | lcc |
| m | MAIN |
| t | BOOK |
| l | ON-SHELF |
| 987 ## - LOCAL ROMANIZATION/CONVERSION HISTORY (OCLC) | |
| Romanization/conversion identifier | WITHDRAWN. |
No items available.